Relazione sui lavori fatti dagli alunni nelle scuole elementari maschili e femminili di Chieti e presentati alla mostra didattica di Aquila
Gespeichert in:
| 1. Verfasser: | |
|---|---|
| Format: | Buch |
| Sprache: | Italienisch |
| Erschienen: |
Chieti :
tip. C. Marchionne,
1888
|
| Katalog: | EDISCO: Suchergebnis im Bibliothekskatalog |
| Schulbuchspezifische Eigenschaften: |
|
| Schlagworte: | |
| Tags: |
Tag hinzufügen
Keine Tags, Fügen Sie den ersten Tag hinzu!
|
| Hinzugefügt zu: | 30.04.2016 |
| Geändert in: | 15.11.2017 |
MARC
| LEADER | 00000aam a22000005 4500 | ||
|---|---|---|---|
| 001 | 00029 | ||
| 003 | OSt | ||
| 005 | 20171115180004.0 | ||
| 008 | 160501s1888 it 000 0 ita | ||
| 999 | |c 30 |d 30 | ||
| 040 | |c Antonio Parlati - L'Acquila | ||
| 041 | 1 | |a ita | |
| 100 | |a Achille De Pillis |9 111 |e Author | ||
| 245 | 0 | 0 | |a Relazione sui lavori fatti dagli alunni nelle scuole elementari maschili e femminili di Chieti e presentati alla mostra didattica di Aquila / |c Achille De Pillis |
| 260 | |a Chieti : |b tip. C. Marchionne, |c 1888 | ||
| 300 | |a 8 p., 1/1 ; |c in 8° | ||
| 546 | |a ita | ||
| 650 | |a Didattica |9 95 | ||
| 690 | |a Elementare |9 77 | ||
| 901 | |a 5 | ||
| 942 | |2 ddc |c BK | ||
| 999 | |c edisco:30 |d 30 | ||